[Event "AUTO-INT-2435"]
[Site "http://www.queenalice.com/game.php?id=1102488"]
[Date "2012.9.13"]
[Round "1"]
[White "joaovdv"]
[Black "carpielo"]
[Result "0-1"]
[WhiteElo "1595"]
[BlackElo "1693"]

1. d4 d5 2. Nc3 Nf6 3. g3 Ne4 4. Nxe4 dxe4 5. e3 c5 6. c4 cxd4 7. exd4 e5 8. d5
Bb4+ 9. Bd2 Qa5 10. Bxb4 Qxb4+ 11. Qd2 Qxd2+ 12. Kxd2 Bf5 13. h3 O-O 14. g4 Bd7
15. Re1 Na6 16. Rxe4 f6 17. h4 f5 18. gxf5 Rxf5 19. f3 Nc5 20. Re3 Rf4 21. Rxe5
h6 22. Be2 a6 23. Nh3 Rxh4 24. b4 Na4 25. Nf2 Rxh1 26. Nxh1 Kf7 27. Ng3 Kf6 28.
f4 g5 29. Ne4+ Kg6 30. Bd3 Bf5 31. fxg5 hxg5 32. Nd6 Bxd3 33. Kxd3 g4 34. Re3
Kh5 35. Nxb7 Nb2+ 36. Kd4 Rb8 37. Rb3 Rxb7 38. Rxb2 g3 39. Ke3 Kh4 40. Kf3 Kh3
41. Rg2 Rf7+ 42. Ke3 Kxg2 43. c5 Kf1 44. c6 g2 45. d6 g1=Q+ 46. Ke4 Qg2+ 47. Ke5
Qg5+ 48. Ke6 Rf6+ 49. Kd7 Qg7+ 0-1

[Event "AUTO-INT-2435"]
[Site "http://www.queenalice.com/game.php?id=1102493"]
[Date "2012.9.13"]
[Round "1"]
[White "brumbaz"]
[Black "joaovdv"]
[Result "0-1"]
[WhiteElo "1566"]
[BlackElo "1628"]

1. e4 e5 2. Nf3 d6 3. g3 Nf6 4. d3 d5 5. Qe2 Bd6 6. Bg2 Nc6 7. Be3 d4 8. Bg5 h6
9. Bxf6 Qxf6 10. Nbd2 Nb4 11. O-O Nxc2 12. Rac1 Nb4 13. a3 Nc6 14. b4 a5 15. b5
Na7 16. Nc4 Nxb5 17. Qb2 Nc3 18. Rc2 Qe7 19. Nh4 g6 20. Bf3 Bc5 21. Qc1 b5 22.
Nb2 Bxa3 23. Rxc3 dxc3 24. Qxc3 Bh3 25. Rd1 O-O 26. d4 b4 27. Qd2 Rad8 28. Qxh6
Bxb2 29. g4 exd4 30. e5 Qxe5 31. g5 Qg7 32. Be4 Qxh6 33. gxh6 Rfe8 34. Rd3 Rxe4
35. Rxh3 Kh7 36. Nf3 Rg4+ 37. Kf1 d3 38. Nd2 c5 39. f3 Rg5 40. Ne4 Rf5 41. Rg3
d2 42. Kg2 d1=Q 43. Ng5+ Kxh6 44. h4 Kh5 45. Nh7 Rd2+ 46. Kh3 Qh1# 0-1

[Event "AUTO-INT-2435"]
[Site "http://www.queenalice.com/game.php?id=1102494"]
[Date "2012.9.13"]
[Round "1"]
[White "joaovdv"]
[Black "brumbaz"]
[Result "0-1"]
[WhiteElo "1613"]
[BlackElo "1539"]

1. e4 e5 2. b3 Nf6 3. d3 g6 4. Nf3 d6 5. d4 Bd7 6. Nc3 Bg7 7. d5 Nh5 8. a4 b6 9.
b4 a5 10. Nb5 axb4 11. Qd2 Na6 12. c3 O-O 13. cxb4 c6 14. Nxd6 Qf6 15. dxc6 Bg4
16. b5 Nc5 17. Ra3 Nxa4 18. c7 Nc5 19. Ng5 Nf4 20. Rxa8 Rxa8 21. Ngxf7 Nb3 22.
Qc3 Be6 23. Be3 Bf8 24. Be2 Nxg2+ 25. Kd1 Ra1+ 26. Kc2 Rxh1 27. Bc4 Na1+ 28. Kb2
Nxe3 29. Bxe6 Nd1+ 30. Ka3 Nxc3 31. c8=Q Qf3 32. Ng5+ Kg7 33. Nxf3 Bxd6+ 34. Kb2
Bb4 35. Ba2 Na4# 0-1

[Event "AUTO-OPEN-2789"]
[Site "http://www.queenalice.com/game.php?id=1102541"]
[Date "2012.9.13"]
[Round "1"]
[White "joaovdv"]
[Black "procellaria"]
[Result "0-1"]
[WhiteElo "1593"]
[BlackElo "1856"]

1. e4 c6 2. Nf3 e6 3. d4 d5 4. e5 Be7 5. Nc3 b6 6. Be2 Nd7 7. Be3 Bb7 8. a3 a6
9. O-O Qc7 10. Qd2 c5 11. dxc5 bxc5 12. Bf4 h6 13. g3 g5 14. Nxg5 hxg5 15. Bxg5
Nxe5 16. Bf4 Bd6 17. Na4 d4 18. c3 Qc6 19. f3 Qxa4 20. Bd1 Qc4 21. cxd4 Qxd4+
22. Be3 Qxd2 23. Bxd2 O-O-O 24. Rc1 Kb8 25. Bc3 f6 26. f4 Nc6 27. a4 a5 28. Bb3
c4 29. Bxc4 Bc5+ 30. Rf2 Bxf2+ 31. Kxf2 e5 32. fxe5 fxe5 33. Re1 Rxh2+ 34. Kg1
Rh5 35. Re3 Nf6 36. Bb5 Nb4 37. Bxe5+ Ka8 38. Bxf6 Rd1+ 39. Bf1 Rh1+ 40. Kf2
Rdxf1+ 0-1

[Event "AUTO-OPEN-2789"]
[Site "http://www.queenalice.com/game.php?id=1102542"]
[Date "2012.9.13"]
[Round "1"]
[White "procellaria"]
[Black "joaovdv"]
[Result "0-1"]
[WhiteElo "1888"]
[BlackElo "1583"]

1. d4 d5 2. e3 Nc6 3. a3 Nf6 4. c4 e6 5. Nc3 g5 6. Bd3 Bg7 7. Nge2 e5 8. b4 a5
9. b5 Ne7 10. h3 e4 11. Bc2 b6 12. c5 c6 13. bxc6 Nxc6 14. cxb6 Qxb6 15. Rb1 Qc7
16. Ba4 O-O 17. Qc2 Ne7 18. Nxe4 Qxc2 19. Nxf6+ Bxf6 20. Bxc2 Nf5 21. O-O Nh4
22. Ng3 Ba6 23. Rd1 Rac8 24. Ba4 Bc4 25. Rd2 Be7 26. e4 f6 27. Nf5 Nxf5 28. exf5
Rc7 29. g3 h5 30. Bd1 h4 31. Be2 hxg3 32. fxg3 Bd6 33. Kg2 Re8 34. Bxc4 Rxc4 35.
Bb2 Re3 36. g4 Rg3+ 37. Kf2 Rxh3 38. Ra1 Bf4 39. Re2 Rh2+ 40. Kf3 Rh3+ 41. Kg2
Rg3+ 42. Kf1 Rxg4 43. Rae1 Rc8 44. Re6 Bg3 45. Re8+ Rxe8 46. Rxe8+ Kf7 47. Ra8
Rf4+ 48. Kg1 Rxf5 49. Rxa5 g4 50. a4 Be1 51. Ra7+ Kg6 52. a5 Rf2 53. Bc1 Ra2 54.
Ra8 Bf2+ 55. Kf1 g3 56. a6 Bxd4 0-1

[Event "AUTO-OPEN-2789"]
[Site "http://www.queenalice.com/game.php?id=1102543"]
[Date "2012.9.13"]
[Round "1"]
[White "joaovdv"]
[Black "iwanikow"]
[Result "1-0"]
[WhiteElo "1601"]
[BlackElo "1549"]

1. e4 e5 2. Nf3 d6 3. Nc3 Be7 4. d4 exd4 5. Qxd4 Nf6 6. Bc4 O-O 7. Nd5 Nxd5 8.
Bxd5 c6 9. Bb3 Nd7 10. Bd2 Bf6 11. e5 Nxe5 12. Qf4 Nxf3+ 13. Qxf3 Bxb2 14. Rb1
Re8+ 15. Be3 1-0

[Event "AUTO-OPEN-2789"]
[Site "http://www.queenalice.com/game.php?id=1102544"]
[Date "2012.9.13"]
[Round "1"]
[White "iwanikow"]
[Black "joaovdv"]
[Result "0-1"]
[WhiteElo "1535"]
[BlackElo "1615"]

1. e4 e5 2. d3 d6 3. Nf3 f6 4. Be2 Ne7 5. O-O g5 6. Nc3 h5 7. Be3 g4 8. Nd2 Na6
9. a3 f5 10. exf5 Nxf5 11. Nce4 Bh6 12. Bxh6 Rxh6 13. c4 Nd4 0-1

[Event "AUTO-ADV-2711"]
[Site "http://www.queenalice.com/game.php?id=1133956"]
[Date "2012.12.24"]
[Round "1"]
[White "joaovdv"]
[Black "ricardoaurelio"]
[Result "0-1"]
[WhiteElo "1600"]
[BlackElo "1795"]

1. d4 d5 2. Nf3 Nc6 3. Nc3 Bf5 4. e3 Nb4 5. Bd3 Nxd3+ 6. cxd3 Nf6 7. Ne5 g6 8.
f3 Nd7 9. Nxd5 Nxe5 10. dxe5 Qxd5 11. e4 Qxe5 12. f4 Qe6 13. h3 Bxe4 14. Qa4+
Bc6+ 0-1

[Event "AUTO-ADV-2711"]
[Site "http://www.queenalice.com/game.php?id=1133957"]
[Date "2012.12.24"]
[Round "1"]
[White "ricardoaurelio"]
[Black "joaovdv"]
[Result "1-0"]
[WhiteElo "1790"]
[BlackElo "1594"]

1. e4 e5 2. Nf3 Bd6 3. Bc4 Qe7 4. d3 f6 5. O-O Bc5 6. Nc3 b6 7. Nd5 Qd6 8. a3 a5
9. Bd2 c6 10. Nc3 Ne7 11. Qe1 b5 12. Ba2 Ng6 13. h3 Na6 14. Be3 Nf4 15. Bxc5
Nxc5 16. b4 Nce6 17. bxa5 Rxa5 18. Nd5 Rxa3 19. Nxf4 Nxf4 20. Qc1 b4 21. Re1 Ne6
22. Bxe6 Qxe6 23. Rxa3 bxa3 24. Qxa3 d6 25. Qa8 c5 26. Qc6+ Qd7 27. Qd5 Bb7 28.
Qb3 d5 29. exd5 Bxd5 30. Qb8+ Qd8 31. Qb5+ Kf7 32. Qxc5 Re8 33. Nh4 Be6 34. g4
g6 35. Ng2 Kg7 36. Ne3 Qd7 37. Ra1 Kh6 38. Ra7 Qd4 39. Qc7 Bg8 40. Qg7+ Kg5 41.
h4+ 1-0

[Event "AUTO-OPEN-2789"]
[Site "http://www.queenalice.com/game.php?id=1139159"]
[Date "2013.1.10"]
[Round "2"]
[White "Bobtzu"]
[Black "joaovdv"]
[Result "1-0"]
[WhiteElo "2075"]
[BlackElo "1592"]

1. c4 c5 2. g3 d6 3. Bg2 Na6 4. Nc3 Be6 5. d3 Qb6 6. Nf3 h6 7. O-O g5 8. Na4 Qc7
9. a3 Bg7 10. Rb1 Nf6 11. Nc3 Qd7 12. b4 Rb8 13. b5 Nc7 14. Bb2 b6 15. Nxg5 hxg5
16. Bc6 1-0